| 000 | 00571cam a2200217 a 4500 | ||
|---|---|---|---|
| 001 | 2438732 | ||
| 005 | 20180214070303.0 | ||
| 008 | 881215s1989 caua b 001 0 eng | ||
| 010 | _a 88035001 | ||
| 020 | _a0805301453 | ||
| 040 |
_aDLC _cDLC _dDLC |
||
| 041 | _aeng | ||
| 080 | _a005.74 ELM | ||
| 082 | 0 | 0 |
_a005.74 ELM _219 |
| 100 | 1 | _a28 | |
| 101 | _aSHK | ||
| 245 | 1 | 0 |
_aFundamentals of database systems / _cRamez Elmasri, Shamkant B. Navathe. |
| 504 | _aBibliography: p. 751-771. | ||
| 906 |
_a7 _bcbc _corignew _d1 _eocip _f19 _gy-gencatlg |
||
| 942 |
_2ddc _cBK |
||
| 999 |
_c42495 _d42495 |
||